Secular Police (Record no. 112210)

MARC details
000 -LEADER
fixed length control field 00404nam a2200133Ia 4500
008 - FIXED-LENGTH DATA ELEMENTS--GENERAL INFORMATION
fixed length control field 211119s9999||||xx |||||||||||||| ||und||
082 ## - DEWEY DECIMAL CLASSIFICATION NUMBER
Classification number 920
Item number JAT-S
100 ## - MAIN ENTRY--PERSONAL NAME
Personal name Jathavethan Nampoothiri, P G
245 #0 - TITLE STATEMENT
Title Secular Police
260 ## - PUBLICATION, DISTRIBUTION, ETC.
Name of publisher, distributor, etc. Mathrubhoomi Books
Place of publication, distribution, etc. 2010
Date of publication, distribution, etc. Kottayam
300 ## - PHYSICAL DESCRIPTION
Extent 455p.
650 ## - SUBJECT ADDED ENTRY--TOPICAL TERM
Topical term or geographic name entry element History&geography
942 ## - ADDED ENTRY ELEMENTS (KOHA)
Koha item type BOOK
650 ## - SUBJECT ADDED ENTRY--TOPICAL TERM
Form subdivision Biography, genealogy & insigmaEconomics
General subdivision PGR-GANDHIAN STUDIES
Holdings
Withdrawn status Lost status Damaged status Not for loan Home library Current library Date acquired Cost, normal purchase price Total Checkouts Full call number Barcode Shelving location Date last seen Price effective from Koha item type
        SB LIBRARY SB LIBRARY 19/11/2021 275.00   920 JAT-S 00125662 PGR-GANDHIAN STUDIES 19/11/2021 19/11/2021 BOOK

Powered by Koha